Anteproyecto arquitectónico hotel de playa sunrise, playa el velero, departamento de León 2017

El objeto de estudio del proyecto cuenta con el terreno para emplazar un hotel de playa, pero no posee un anteproyecto que le facilite realizar los pertinentes tramites de gestión para la construcción de este y es por esta razón él solicita la ejecución de este anteproyecto arquitectónico en l...

Full description

Bibliographic Details
Main Authors: Caldera Medina, Martha Hermida, García Vivas, Karen Yerenia, Corea Olivares, Clara Valeska
Other Authors: Tutor: Mayorga Navarro, Eduardo José
Format: Tesis Section = Libro
Language:Undetermined
Spanish
Published: Managua UNI 2016
Subjects:
LEADER 01302nam a2200301Ia 4500
008 240830s9999 xx 000 0 und d
040 |a BIBLIOTECA-RUSB/ Mon 728.5 C146 
041 |a spa 
082 |a Mon 728.5 C146 
100 1 |a Caldera Medina, Martha Hermida 
100 1 |b García Vivas, Karen Yerenia 
100 1 |c Corea Olivares, Clara Valeska 
245 1 0 |a Anteproyecto arquitectónico hotel de playa sunrise, playa el velero, departamento de León 2017 
260 |a Managua  |b UNI  |c 2016 
300 |a 117 p. :il. 
500 |a Contiene: anexos e Incluye: CD. 
502 |a Tesis (Arquitecto) - UNI, 2016. 
520 3 |a El objeto de estudio del proyecto cuenta con el terreno para emplazar un hotel de playa, pero no posee un anteproyecto que le facilite realizar los pertinentes tramites de gestión para la construcción de este y es por esta razón él solicita la ejecución de este anteproyecto arquitectónico en la playa El Velero. 
650 7 |a DISEÑO ARQUITECTONICO 
650 7 |b  HOTEL PLAYA SUNRISE-LEON 
650 7 |c  ARQUITECTURA-DISEÑOS Y PLANOS 
650 7 |d  HOTELES-DISEÑO Y CONSTRUCCION 
650 7 |e  TURISMO 
650 7 |f  DISEÑO DE ESTRUCTURAS 
700 1 |a Tutor:  |b Mayorga Navarro, Eduardo José 
942 |c BK  |2 ddc 
991 |a TESIS 
999 |c 21496